<?xml version="1.0" encoding="UTF-8"?>
<collection xmlns="http://www.loc.gov/MARC21/slim">
    <record>
        <controlfield tag="001">90357</controlfield>
        <controlfield tag="005">20200717113353.0</controlfield>
        <datafield tag="037" ind1=" " ind2=" ">
            <subfield code="a">TAZ-TFG-2017-672</subfield>
        </datafield>
        <datafield tag="041" ind1=" " ind2=" ">
            <subfield code="a">spa</subfield>
        </datafield>
        <datafield tag="100" ind1="1" ind2=" ">
            <subfield code="a">Berlanga Carrera, Ana Laura</subfield>
        </datafield>
        <datafield tag="242" ind1="0" ind2="0">
            <subfield code="a">Celiac and Happy? It's Possible!: Health Education Program for Adult Celiac Patients and Their Family</subfield>
        </datafield>
        <datafield tag="245" ind1="0" ind2="0">
            <subfield code="a">¿celiaco y feliz?¡Se puede!: programa de educación sanitaria para pacientes celiacos adultos y familiares.</subfield>
        </datafield>
        <datafield tag="260" ind1=" " ind2=" ">
            <subfield code="a">Zaragoza</subfield>
            <subfield code="b">Universidad de Zaragoza</subfield>
            <subfield code="c">2017</subfield>
        </datafield>
        <datafield tag="500" ind1=" " ind2=" ">
            <subfield code="a">Resumen disponible también en inglés.</subfield>
        </datafield>
        <datafield tag="506" ind1=" " ind2=" ">
            <subfield code="a">by-nc-sa</subfield>
            <subfield code="b">Creative Commons</subfield>
            <subfield code="c">3.0</subfield>
            <subfield code="u">http://creativecommons.org/licenses/by-nc-sa/3.0/</subfield>
        </datafield>
        <datafield tag="520" ind1=" " ind2=" ">
            <subfield code="a">INTRODUCCIÓN: la enfermedad celiaca es la patología crónica digestiva más frecuente en España y afecta al 1% de la población mundial. Actualmente el único tratamiento disponible es el seguimiento estricto de una dieta sin gluten, que produce serias dificultades en la vida diaria de los pacientes y sus familiares. Por ello, los programas de educación sanitaria son una buena alternativa para aportar a los pacientes celiacos conocimientos suficientes que les permitan hacer frente a las dificultades y aumentar la adhesión a la dieta sin gluten. Asimismo, el elevado porcentaje de mujeres celiacas y la evidencia de una menor calidad de vida relacionada con la salud (CVRS) en este grupo hacen necesaria la implantación de una perspectiva de género en la creación del programa. OBJETIVO: elaborar un programa de educación sanitaria (PES) sobre dieta sin gluten y enfermedad celiaca aplicable en atención primaria para pacientes celiacos adultos de la CCAA de Aragón.  METODOLOGÍA: se ha realizado una revisión bibliográfica entre 2013 y 2017 y se ha recogido información cuali-cuantitativa, con el fin de elaborar un programa acorde a las necesidades actuales de la población con enfermedad celiaca.  CONCLUSIONES: la creación de un programa de salud sobre dieta sin gluten dirigido a pacientes celiacos adultos resulta imprescindible para paliar la actual falta de información facilitada por el sistema sanitario tras el diagnóstico. El papel de enfermería en la educación sanitaria es fundamental para mejorar la gestión de la propia salud en los pacientes con enfermedades crónicas, como la enfermedad celiaca.&lt;br /></subfield>
        </datafield>
        <datafield tag="521" ind1=" " ind2=" ">
            <subfield code="a">Graduado en Enfermería</subfield>
        </datafield>
        <datafield tag="540" ind1=" " ind2=" ">
            <subfield code="a">Derechos regulados por licencia Creative Commons</subfield>
        </datafield>
        <datafield tag="700" ind1=" " ind2=" ">
            <subfield code="a">Bernués Vázquez, Luis Máximo</subfield>
            <subfield code="e">dir.</subfield>
        </datafield>
        <datafield tag="710" ind1="2" ind2=" ">
            <subfield code="a">Universidad de Zaragoza</subfield>
            <subfield code="b">Fisiatría y Enfermería</subfield>
            <subfield code="c">Enfermería</subfield>
        </datafield>
        <datafield tag="856" ind1="0" ind2=" ">
            <subfield code="f">652319@celes.unizar.es</subfield>
        </datafield>
        <datafield tag="856" ind1="4" ind2=" ">
            <subfield code="s">3469390</subfield>
            <subfield code="u">http://zaguan.unizar.es/record/90357/files/TAZ-TFG-2017-672_ANE.pdf</subfield>
            <subfield code="y">Anexos (spa)</subfield>
        </datafield>
        <datafield tag="856" ind1="4" ind2=" ">
            <subfield code="s">3850744</subfield>
            <subfield code="u">http://zaguan.unizar.es/record/90357/files/TAZ-TFG-2017-672.pdf</subfield>
            <subfield code="y">Memoria (spa)</subfield>
        </datafield>
        <datafield tag="909" ind1="C" ind2="O">
            <subfield code="o">oai:zaguan.unizar.es:90357</subfield>
            <subfield code="p">driver</subfield>
            <subfield code="p">trabajos-fin-grado</subfield>
        </datafield>
        <datafield tag="950" ind1=" " ind2=" ">
            <subfield code="a"></subfield>
        </datafield>
        <datafield tag="951" ind1=" " ind2=" ">
            <subfield code="a">deposita:2020-07-17</subfield>
        </datafield>
        <datafield tag="980" ind1=" " ind2=" ">
            <subfield code="a">TAZ</subfield>
            <subfield code="b">TFG</subfield>
            <subfield code="c">EUCS</subfield>
        </datafield>
    </record>

    
</collection>